Представление документа в формате MARC21

Поле Инд. ПП Название Значение
Тип записи a
Библиографический уровень m
001 Контрольный номер RU/IS/BASE/398523391
005 Дата корректировки 20140703203917.5
040 a Служба первич. каталог. НБ ТвГУ
b Код языка каталог. rus
e Правила каталог. PSBO
041 0_ a Код языка текста rus
080 a Индекс УДК 81'367(043.3)
084 a Индекс другой классификации/Индекс ББК Ш102.23я031
084 a Индекс другой классификации/Индекс ББК Ш143.21-223я031
084 a Индекс другой классификации/Индекс ББК Ш141.12-223я031
090 a Полочн. индекс Ш102.2
x Авторский знак Ч-59
100 1_ a Автор Чижикова Светлана Николаевна
q Полное имя Чижикова С. Н.
245 10 a Заглавие Функциональные особенности лингвистических и паралингвистических феноменов в коммуникативном пространстве гипертекста (на материале гипертекстов по изобразительному искусству)
b Продолж. заглавия автореф. дис. ... к.ф.н. : 10.02.19
c Ответственность НЧОУ ВПО "Кубан. соц.-экон. ин-т"
260 a Место издания Ставрополь
b Издательство Ставропольский государственный университет
c Дата издания 2012
300 a Объем 21 с.
b Иллюстрации/ тип воспроизводства табл.
500 a Примечание На правах рукоп.
504 a Библиография Библиогр. в конце кн. (10 назв.)
653 a Ключевые слова Авторефераты
a Ключевые слова Английский язык
a Ключевые слова Гипертекст (лингв.)
a Ключевые слова Изобразительное искусство
a Ключевые слова Интернет
a Ключевые слова Интернет-лексика
a Ключевые слова Русский язык
a Ключевые слова Сайты художественных музеев
a Ключевые слова Синтаксис
a Ключевые слова Текст (лингв.)
a Ключевые слова Язык Интернета
a Ключевые слова Языкознание
901 t Тип документа m
920 a Оператор Густ
930 a Новая/Ретро авторефераты
952 c Вид литературы А/Р н
954 a Дата поступления на обработку 20120917